000 00304 a2200121 4500
000 nam a22 7a 4500
005 20260212130043.0
020 _a9789348229427
100 _aEd. Prakash Devkulish
_91115417
245 _aAgnileek Kee Aginkatha
260 _bLokbharti Prakashan
_c2025
942 _cTEXL
999 _c1679436
_d1679436